| 000 | 00464pab a2200169 454500 | ||
|---|---|---|---|
| 008 | 180718b1995 xxu||||| |||| 00| 0 eng d | ||
| 100 | _aDess, Gregory | ||
| 245 |
_aConsensus - performance research _btheoretical and empirical extensions. |
||
| 260 | _c1995 | ||
| 300 | _ap.401-17 | ||
| 362 | _aJul | ||
| 650 | _aDecision-making, Group | ||
| 650 | _aDecision-making | ||
| 700 | _aPriem, Richard L. | ||
| 773 | _aJournal of Management Studies | ||
| 909 | _a29552 | ||
| 999 |
_c29552 _d29552 |
||